History Quiz

Random History or Famous Quiz
Score 0/25 Timer 08:00
2 Plays Today
% Correct
Eagle
97.5%
Eye
96.8%
Erased
96.5%
Earthquake
96%
Exercise
95.6%
Eight
95%
Eulogy
95%
Eighteen
94.5%
Everything
93.7%
Enjoy
93.5%
Elevator
93.2%
Elephant
93.1%
Empty
93%
% Correct
Earth
92.6%
End
91.1%
Education
88.5%
Eternal
88.3%
Emotion
86.6%
Envy
84.9%
Effort
84.3%
Equality
84.1%
Election
82.9%
Enemy
79.3%
Encyclopedia
76.1%
Economy
74.5%
Remove Ads.
Support Sporcle.
Get the best of Sporcle when you Go Orange. This ad-free experience offers more features, more stats, and more fun while also helping to support Sporcle. Thank you for becoming a member.

You're not logged in!

Compare scores with friends on all Sporcle quizzes.
OR
Log In

Sporcle TV

Today on Sporcle TV


Watch our educational content, quiz creation guides, and fun videos on Sporcle TV.

Show Comments

Extras

Top Quizzes Today


Score Distribution

Paid Content

Your Account Isn't Verified!

In order to create a playlist on Sporcle, you need to verify the email address you used during registration. Go to your Sporcle Settings to finish the process.

Report this User

Report this user for behavior that violates our Community Guidelines.

Details: